000 00257nam a2200097Ia 4500
001 1252109
005 20251031150928.0
008 251031s9999 xx 000 0 und d
245 0 _cMEVSİM EREN
_aÜ-1 BOYAMA KOLEKSİYONU İRON MAN
260 _bBETA YAYINLARI
999 _c1252109
_d1252109